000 00375nam a2200145Ia 4500
008 240624s9999 xx 000 0 und d
041 _aeng
082 _a330.0151 EDW
100 _aDOWLING EDWARD T
245 _aSCHAUM S OUTLINES OF THEORY AND PROBLEMS OF INTR
250 _a(3rd ed.)
260 _c2004
_aNew Delhi
_bTata McGrawhill
300 _aviii, : 523
365 _cRS
999 _c1115
_d1115